[Event "World Rapid Women 2021"]
[Site "Warsaw POL"]
[Date "2021.12.26"]
[Round "4.20"]
[White "Zabrzanska, Weronika"]
[Black "Mamedjarova, Turkan"]
[Result "0-1"]
[BlackTitle "WGM"]
[WhiteElo "1923"]
[BlackElo "2264"]
[WhiteFideId "21825173"]
[BlackFideId "13402005"]
[EventDate "2021.12.26"]

1. e4 e5 2. Nf3 Nc6 3. Bc4 Bc5 4. O-O d6 5. c3 Nf6 6. d4 Bb6 7. dxe5 Nxe5 8.
Nxe5 dxe5 9. Qxd8+ Kxd8 10. Bg5 Ke7 11. Nd2 Be6 12. Rad1 Rad8 13. Bh4 Rxd2 14.
Rxd2 Bxc4 15. Ra1 h6 16. b3 Be6 17. Bxf6+ Kxf6 18. Kf1 h5 19. Rad1 Ke7 20. Rd3
g5 21. h3 a5 22. Rg3 g4 23. hxg4 hxg4 24. Ke2 a4 25. Rb1 axb3 26. axb3 Ra8 0-1

[Event "World Rapid Women 2021"]
[Site "Warsaw POL"]
[Date "2021.12.26"]
[Round "4.21"]
[White "Socko, Monika"]
[Black "Vantika, Agrawal"]
[Result "1/2-1/2"]
[WhiteTitle "GM"]
[BlackTitle "WGM"]
[WhiteElo "2393"]
[BlackElo "2381"]
[WhiteFideId "1106619"]
[BlackFideId "25050389"]
[EventDate "2021.12.26"]

1. e4 e6 2. d4 d5 3. exd5 exd5 4. c4 Nf6 5. Nc3 Bb4 6. Bd3 O-O 7. Ne2 dxc4 8.
Bxc4 Nbd7 9. O-O Nb6 10. Bb3 c6 11. Bg5 Be7 12. Re1 Nfd5 13. Bxe7 Nxe7 14. Nf4
Nf5 15. d5 Qg5 16. g3 Qh6 17. dxc6 bxc6 18. Bxf7+ Kh8 19. Qh5 Qxh5 20. Bxh5 c5
21. Bf3 Rb8 22. Bg2 Nd4 23. Rac1 Nc4 24. b3 Nd2 25. Re3 g5 26. Nd3 N2f3+ 27. Kh1
Rb6 28. Bxf3 Nxf3 29. Ne5 Bb7 30. Nxf3 Bxf3+ 31. Kg1 g4 32. Ne2 Rd8 33. Nf4 Rbd6
34. h3 Rd1+ 35. Re1 Rxe1+ 36. Rxe1 gxh3 37. Nxh3 Rd2 38. Ng5 Bd5 39. Ne4 Rc2 40.
Nf6 Bf3 41. Nd7 a5 42. Re8+ Kg7 43. Re7+ Kg8 44. Nf6+ Kf8 45. Re1 Bc6 46. g4 h6
47. Re6 Bb5 48. a4 Bd3 49. Nd7+ Kg7 50. Re7+ Kh8 51. Re5 c4 52. bxc4 Rxc4 53.
Rxa5 Rxg4+ 54. Kh2 Bf1 55. f3 Rg2+ 56. Kh1 Ra2 57. f4 Kg7 58. f5 Bh3 59. Nb6
Bg2+ 60. Kg1 Bc6 61. Nc4 Rxa4 62. Rxa4 Bxa4 63. Ne3 Kf6 64. Ng4+ Kxf5 1/2-1/2

[Event "World Rapid Women 2021"]
[Site "Warsaw POL"]
[Date "2021.12.26"]
[Round "4.22"]
[White "Kazarian, Anna-Maja"]
[Black "Kashlinskaya, Alina"]
[Result "1/2-1/2"]
[WhiteTitle "FM"]
[BlackTitle "IM"]
[WhiteElo "2138"]
[BlackElo "2490"]
[WhiteFideId "1033689"]
[BlackFideId "4198026"]
[EventDate "2021.12.26"]

1. d4 Nf6 2. c4 g6 3. Nc3 Bg7 4. e4 d6 5. Nf3 O-O 6. Be2 Nbd7 7. O-O e5 8. Be3
c6 9. d5 c5 10. Ne1 Kh8 11. Qd2 Ng8 12. Nd3 f5 13. Bg5 Bf6 14. Bxf6+ Ndxf6 15.
exf5 gxf5 16. f4 e4 17. Nf2 Qe7 18. Ncd1 Bd7 19. Ne3 Qg7 20. b4 b6 21. bxc5 bxc5
22. Rab1 Ne7 23. Rb7 Bc8 24. Rb3 Ng6 25. Nh3 Ng4 26. Nxg4 fxg4 27. Ng5 Qe7 28.
Qe3 Bf5 29. Rfb1 Rad8 30. Rb7 Rd7 31. Rxd7 Qxd7 32. Nxe4 Bxe4 33. Qxe4 Nxf4 34.
Bf1 Ng6 35. Bd3 Ne5 36. Rf1 Rxf1+ 37. Bxf1 Qf7 38. Be2 h5 39. Qe3 Qg6 40. Bf1
Kg7 41. Qa3 Qf7 42. Qa6 Qf4 43. Qxa7+ Kf6 44. Qb8 Qe3+ 45. Kh1 Nf7 46. Qb2+ Kg6
47. Qe2 Qc1 48. Qe6+ Kg7 49. Kg1 Ne5 50. Qe7+ Kg8 51. Qf6 Nxc4 52. Qg6+ Kf8 53.
Qf5+ Kg7 54. Qd7+ Kg8 55. Qe8+ Kg7 56. Qe7+ Kg8 57. Qe8+ 1/2-1/2

[Event "World Rapid Women 2021"]
[Site "Warsaw POL"]
[Date "2021.12.26"]
[Round "4.23"]
[White "Assaubayeva, Bibisara"]
[Black "Balajayeva, Khanim"]
[Result "1-0"]
[WhiteTitle "IM"]
[BlackTitle "WGM"]
[WhiteElo "2434"]
[BlackElo "2376"]
[WhiteFideId "13708694"]
[BlackFideId "13406396"]
[EventDate "2021.12.26"]

1. d4 Nf6 2. Bg5 g6 3. Bxf6 exf6 4. e3 Bg7 5. c4 f5 6. Nc3 d6 7. g3 O-O 8. Bg2
c6 9. Nge2 Na6 10. O-O Rb8 11. a3 g5 12. b4 Bd7 13. Rb1 Nc7 14. a4 a6 15. Qd3 b5
16. axb5 axb5 17. Rfc1 bxc4 18. Qxc4 d5 19. Qd3 Qe7 20. b5 Nxb5 21. Nxb5 cxb5
22. Nc3 Be6 23. Nxd5 Bxd5 24. Bxd5 f4 25. e4 b4 26. Kg2 Rfc8 27. Rc4 Rxc4 28.
Qxc4 Qf6 29. e5 Qe7 30. Rb3 Bf8 31. Rf3 Rb6 32. h4 Rh6 33. hxg5 Qxg5 34. Rxf4
Kh8 1-0

[Event "World Rapid Women 2021"]
[Site "Warsaw POL"]
[Date "2021.12.26"]
[Round "4.24"]
[White "Danielian, Elina"]
[Black "Bartel, Marta"]
[Result "1-0"]
[WhiteTitle "GM"]
[BlackTitle "WGM"]
[WhiteElo "2441"]
[BlackElo "2192"]
[WhiteFideId "13300210"]
[BlackFideId "1123009"]
[EventDate "2021.12.26"]

1. d4 Nf6 2. c4 e6 3. Nf3 b6 4. a3 Bb7 5. Bf4 Be7 6. e3 O-O 7. h3 c5 8. Nc3 d5
9. cxd5 Nxd5 10. Nxd5 Qxd5 11. dxc5 Qxc5 12. Rc1 Qa5+ 13. Qd2 Qxd2+ 14. Nxd2 Nc6
15. Bb5 Rac8 16. O-O Rfd8 17. Nf3 Bf6 18. Rc2 Ne5 19. Nd4 Rxc2 20. Nxc2 a6 21.
Be2 Rd2 22. Nd4 Ng6 23. Bf3 Bxf3 24. Nxf3 Rxb2 25. Rc1 h6 26. Bd6 Be7 27. Rc8+
Kh7 28. Bxe7 Nxe7 29. Rc7 Nd5 30. Rxf7 Ra2 31. Nd4 Kg6 32. Ra7 Rxa3 33. Nxe6 b5
34. e4 Nc3 35. Nc5 b4 36. Rb7 Ra1+ 37. Kh2 a5 38. e5 Nd5 39. Rb5 Nc3 40. Rb6+
Kf5 41. e6 Kf6 42. Rb7 Re1 43. f4 Nd5 44. Rf7+ Kg6 45. f5+ Kg5 46. g4 Kf4 47.
Nd3+ Ke3 48. Nxe1 Kd2 49. Rd7 1-0

[Event "World Rapid Women 2021"]
[Site "Warsaw POL"]
[Date "2021.12.26"]
[Round "4.25"]
[White "Padmini, Rout"]
[Black "Nurgali, Nazerke"]
[Result "1/2-1/2"]
[WhiteTitle "IM"]
[BlackTitle "WIM"]
[WhiteElo "2345"]
[BlackElo "2260"]
[WhiteFideId "5029295"]
[BlackFideId "13711261"]
[EventDate "2021.12.26"]

1. Nf3 d5 2. g3 Nf6 3. Bg2 c5 4. O-O Nc6 5. c4 e5 6. cxd5 Nxd5 7. d3 Be7 8. Nc3
Be6 9. Bd2 O-O 10. Rc1 f6 11. a3 Qd7 12. Re1 Rac8 13. Qa4 Rfd8 14. Ne4 b6 15.
Nc3 Kh8 16. Red1 Nxc3 17. Bxc3 Bh3 18. Bxh3 Qxh3 19. b4 Qg4 20. Be1 a5 21. Qb5
axb4 22. axb4 Nxb4 23. Rc4 Qe6 24. Rdc1 Nc6 25. Rb1 Rb8 26. Qa6 Nd4 27. Nxd4
exd4 28. Rb2 Qd6 29. Qb5 h6 30. Ra4 Qd7 31. Ra6 Qxb5 32. Rxb5 Rd6 33. Ba5 Bd8
34. Kf1 Bc7 35. Bd2 Re8 36. Bf4 Rc6 37. Bxc7 Rxc7 38. Raxb6 Re5 39. Rb7 Ree7 40.
Rxc7 Rxc7 41. Kg2 Kg8 42. Kf3 Kf7 43. h4 h5 44. Kf4 Re7 45. Rb2 Re5 46. g4 hxg4
47. Kxg4 Ke6 48. f4 Re3 49. h5 f5+ 50. Kh4 Kf6 51. Rc2 Re8 52. Rxc5 Rxe2 53.
Rc6+ Kf7 54. Rd6 Rg2 55. Rxd4 Rg4+ 56. Kh3 Kg8 57. Rd5 Rxf4 58. Kg3 Rf1 59. Kh4
Kf7 60. Rd7+ Kf6 61. Kg3 Rg1+ 62. Kf3 Rg5 63. h6 gxh6 64. Rd6+ Ke5 1/2-1/2

[Event "World Rapid Women 2021"]
[Site "Warsaw POL"]
[Date "2021.12.26"]
[Round "4.26"]
[White "Fernandez, Maria Florencia"]
[Black "Zhukova, Natalia"]
[Result "1-0"]
[WhiteTitle "WIM"]
[BlackTitle "GM"]
[WhiteElo "2229"]
[BlackElo "2335"]
[WhiteFideId "116459"]
[BlackFideId "14101513"]
[EventDate "2021.12.26"]

1. d4 Nf6 2. c4 c5 3. d5 b5 4. cxb5 a6 5. bxa6 g6 6. Nc3 Bg7 7. e4 O-O 8. Nf3
Qa5 9. Bd2 Bxa6 10. Be2 Bxe2 11. Qxe2 Qa6 12. Qxa6 Nxa6 13. O-O Rfb8 14. Rab1
Nb4 15. a4 d6 16. b3 Rb7 17. h3 Rab8 18. Bg5 Ne8 19. Nb5 h6 20. Bd2 Nc7 21. Nxc7
Rxc7 22. Bxb4 Rxb4 23. Nd2 Rcb7 24. Rfc1 h5 25. g3 h4 26. Kg2 hxg3 27. Kxg3 Rd4
28. Rc2 Rd3+ 29. f3 Bh6 30. Nc4 Rdxb3 31. Rxb3 Rxb3 32. Ra2 Bg7 33. a5 Rb7 34.
a6 Ra7 35. Nb6 Kf8 36. Nc8 Ra8 37. a7 Be5+ 38. f4 Bd4 1-0

[Event "World Rapid Women 2021"]
[Site "Warsaw POL"]
[Date "2021.12.26"]
[Round "4.27"]
[White "Kubicka, Anna"]
[Black "Michna, Marta"]
[Result "0-1"]
[WhiteTitle "WIM"]
[BlackTitle "WGM"]
[WhiteElo "2266"]
[BlackElo "2314"]
[WhiteFideId "1152254"]
[BlackFideId "1106686"]
[EventDate "2021.12.26"]

1. e4 e6 2. d4 d5 3. Nd2 Nf6 4. e5 Nfd7 5. f4 c5 6. c3 Nc6 7. Ngf3 cxd4 8. cxd4
Nb6 9. Be2 a5 10. a4 Bb4 11. O-O h5 12. Bb5 Bd7 13. Qe2 g6 14. Nb3 Na7 15. Bd2
Nxb5 16. axb5 Nc4 17. Bxb4 axb4 18. Nc5 Bxb5 19. Rfc1 b6 20. Nd3 Na5 21. Qd1 b3
22. f5 Bxd3 23. Qxd3 gxf5 24. Qb5+ Kf8 25. Qb4+ Kg7 26. Rab1 Rh6 27. Rc3 Rg6 28.
h4 Rg4 29. Kh2 Rc8 30. Rg1 Rc4 31. Rxc4 Rxh4+ 32. Kg3 Rg4+ 33. Kf2 dxc4 34. Rd1
Qd5 35. Qxb6 Nc6 36. Rd2 h4 37. Re2 Ne7 38. Qc7 Ng6 39. Qc5 Nf4 40. Qxd5 exd5
41. e6 Rxg2+ 42. Ke3 Rxe2+ 43. Kxf4 fxe6 44. Nxh4 Re4+ 45. Kg5 Rxh4 0-1

[Event "World Rapid Women 2021"]
[Site "Warsaw POL"]
[Date "2021.12.26"]
[Round "4.28"]
[White "Osmak, Yuliia"]
[Black "Hryzlova, Sofiia"]
[Result "1-0"]
[WhiteTitle "IM"]
[BlackTitle "WCM"]
[WhiteElo "2419"]
[BlackElo "2097"]
[WhiteFideId "14101602"]
[BlackFideId "14174669"]
[EventDate "2021.12.26"]

1. c4 c5 2. Nf3 g6 3. d4 Nf6 4. g3 cxd4 5. Nxd4 d5 6. Bg2 dxc4 7. O-O Bg7 8.
Qa4+ Nbd7 9. Rd1 O-O 10. Qxc4 Rb8 11. Qc2 a6 12. Na3 e5 13. Nf3 Qe7 14. Nc4 b5
15. Na5 Bb7 16. Nxb7 Rxb7 17. Qc6 Rfb8 18. Be3 Nb6 19. Bc5 Qe8 20. Qxe8+ Nxe8
21. Nxe5 Bxe5 22. Bxb7 Na4 23. Rd5 Bxb2 24. Rb1 Rxb7 25. Rd8 f5 26. Rxe8+ Kf7
27. Rc8 Bf6 28. Bb4 Nb6 29. Rc6 Bd8 30. Ba5 Ke7 31. Rd1 Rb8 32. Rxd8 Rxd8 33.
Rxb6 1-0

[Event "World Rapid Women 2021"]
[Site "Warsaw POL"]
[Date "2021.12.26"]
[Round "4.29"]
[White "Beydullayeva, Govhar"]
[Black "Maltsevskaya, Aleksandra"]
[Result "1/2-1/2"]
[WhiteTitle "WIM"]
[BlackTitle "IM"]
[WhiteElo "2290"]
[BlackElo "2400"]
[WhiteFideId "13413015"]
[BlackFideId "24174041"]
[EventDate "2021.12.26"]

1. Nf3 Nf6 2. c4 g6 3. d4 Bg7 4. g3 O-O 5. Bg2 c5 6. Nc3 cxd4 7. Nxd4 Qc7 8. Qd3
Nc6 9. Ndb5 Qd8 10. Bf4 d6 11. O-O a6 12. Na3 Be6 13. Rac1 Qa5 14. Rfd1 Ng4 15.
Bd5 Qb6 16. c5 Qxc5 17. e3 Nge5 18. Bxe5 Nxe5 19. Qe2 Qb6 20. Bxe6 fxe6 21. f4
Nc6 22. Nc4 Qd8 23. Qg4 e5 24. Qe6+ Kh8 25. fxe5 b5 26. Nd2 Nxe5 27. Nd5 Nd3 28.
Rc7 Nxb2 29. Rf1 Nc4 30. Rxf8+ Qxf8 31. Nxc4 bxc4 32. Qxe7 Qxe7 33. Nxe7 c3 34.
Nd5 Rb8 35. Nxc3 Be5 36. Nd5 Rb2 37. a4 Ra2 38. Rc4 a5 39. Nb6 Kg8 40. Nd7 Bg7
41. e4 Rb2 42. Rc8+ Kf7 43. Ra8 Ke6 44. Nf8+ Bxf8 45. Rxf8 Rb4 46. Re8+ Kf6 47.
Kf2 Rxa4 48. Kf3 Ra1 49. Kf4 Rf1+ 50. Ke3 Rh1 51. Ra8 Ra1 52. Kf4 a4 53. Ra6 Ke6
54. e5 g5+ 55. Ke4 Re1+ 56. Kf3 Kxe5 57. Rxa4 d5 58. Ra7 Rf1+ 59. Ke2 Rb1 60.
Rxh7 Rb2+ 61. Kd3 Rb3+ 62. Kc2 Rf3 63. Rh5 Ke4 64. Rxg5 Rf2+ 65. Kd1 d4 66. Ra5
Ke3 67. Re5+ Kd3 68. Ke1 Rxh2 69. g4 Rg2 70. g5 Kc4 71. Rf5 d3 72. Kd1 Kc3 73.
Rc5+ Kd4 74. Rc8 Rg1+ 75. Kd2 Rg2+ 76. Kd1 Rxg5 77. Rd8+ Ke4 78. Re8+ Re5 79.
Rxe5+ Kxe5 80. Kd2 Ke4 81. Kd1 Ke3 82. Ke1 d2+ 83. Kd1 Kd3 1/2-1/2

[Event "World Rapid Women 2021"]
[Site "Warsaw POL"]
[Date "2021.12.26"]
[Round "4.30"]
[White "Kurmangaliyeva, Liya"]
[Black "Rakhmangulova, Anastasiya"]
[Result "1-0"]
[WhiteTitle "FM"]
[BlackTitle "WIM"]
[WhiteElo "2195"]
[BlackElo "2174"]
[WhiteFideId "13725831"]
[BlackFideId "14117479"]
[EventDate "2021.12.26"]

1. e4 d5 2. exd5 Qxd5 3. Nc3 Qd6 4. d4 Nf6 5. Nf3 a6 6. Ne5 Nc6 7. Nxc6 Qxc6 8.
d5 Qd6 9. Bc4 b5 10. Bb3 Bb7 11. O-O O-O-O 12. Qf3 e6 13. Bf4 Qb6 14. Rad1 Bb4
15. Rd3 Rhe8 16. Be5 Nd7 17. Bd4 Bc5 18. Qd1 e5 19. Bxc5 Nxc5 20. Qg4+ Kb8 21.
Rd2 g6 22. Re1 f5 23. Qh4 Rd7 24. h3 Qd6 25. a3 Qe7 26. Qxe7 Rexe7 27. Ba2 e4
28. Red1 Rd6 29. b4 Nd7 30. a4 bxa4 31. Nxa4 f4 32. c4 e3 33. fxe3 fxe3 34. Re2
c6 35. c5 Rf6 36. d6 Re4 37. Nc3 Rxb4 38. Rxe3 Bc8 39. Ne4 Rf4 40. Rde1 Rb2 41.
Be6 Rc2 42. Rb1+ Ka8 43. Bxd7 Bxd7 44. Reb3 a5 45. Rb8+ Ka7 46. R1b7+ Ka6 47.
Rb6+ Ka7 48. R6b7+ Ka6 49. Rxd7 Rxe4 50. Rb6# 1-0

[Event "World Rapid Women 2021"]
[Site "Warsaw POL"]
[Date "2021.12.26"]
[Round "4.31"]
[White "Wikar, Martyna"]
[Black "Strutinskaia, Galina"]
[Result "1-0"]
[WhiteTitle "WFM"]
[BlackTitle "WGM"]
[WhiteElo "2168"]
[BlackElo "2142"]
[WhiteFideId "21807663"]
[BlackFideId "4108558"]
[EventDate "2021.12.26"]

1. e4 c5 2. Nf3 Nc6 3. Bb5 e6 4. O-O Nge7 5. Re1 a6 6. Bf1 d6 7. c3 Qc7 8. d4
Ng6 9. d5 Nce5 10. Nxe5 dxe5 11. c4 exd5 12. cxd5 b5 13. a4 Rb8 14. axb5 axb5
15. Nc3 Bd7 16. f4 b4 17. d6 Qxd6 18. Nd5 Nxf4 19. Bxf4 exf4 20. e5 Qc6 21. Ra6
Qb7 22. Rb6 Qa7 23. Ra6 Qb7 24. Bc4 Be7 25. Nxe7 Kxe7 26. Qd6+ Ke8 27. e6 Bxe6
28. Bxe6 fxe6 29. Rxe6+ Kf7 30. Qxf4+ Kg8 31. Rab6 Qxb6 32. Rxb6 Rxb6 33. Qc4+ 1-0

[Event "World Rapid Women 2021"]
[Site "Warsaw POL"]
[Date "2021.12.26"]
[Round "4.32"]
[White "Yakimova, Mariya"]
[Black "Abdumalik, Zhansaya"]
[Result "0-1"]
[WhiteTitle "WFM"]
[BlackTitle "GM"]
[WhiteElo "2198"]
[BlackElo "2491"]
[WhiteFideId "34188859"]
[BlackFideId "13703544"]
[EventDate "2021.12.26"]

1. d4 Nf6 2. c4 g6 3. Nc3 d5 4. Bf4 Bg7 5. e3 O-O 6. Rc1 c6 7. Nf3 Be6 8. cxd5
Nxd5 9. Nxd5 Bxd5 10. a3 Qb6 11. Qd2 Nd7 12. Be2 Rad8 13. O-O e5 14. dxe5 Bxf3
15. gxf3 Nxe5 16. Qc2 Nd7 17. b4 Nf6 18. Bg3 Nd5 19. Bc4 a5 20. e4 Nc3 21. e5
Nb5 22. Bxb5 Qxb5 23. Qc5 Rd5 24. Qxb5 Rxb5 25. Rc5 Rxc5 26. bxc5 Rd8 27. Rb1
Rd7 28. Bf4 Bf8 29. Be3 Be7 30. f4 Kf8 31. Kg2 Ke8 32. Kf3 Kd8 0-1

[Event "World Rapid Women 2021"]
[Site "Warsaw POL"]
[Date "2021.12.26"]
[Round "4.33"]
[White "Javakhishvili, Lela"]
[Black "Goraj, Barbara"]
[Result "0-1"]
[WhiteTitle "IM"]
[BlackTitle "WCM"]
[WhiteElo "2479"]
[BlackElo "2044"]
[WhiteFideId "13601458"]
[BlackFideId "21816166"]
[EventDate "2021.12.26"]

1. d4 Nf6 2. c4 g6 3. g3 Bg7 4. Bg2 O-O 5. Nc3 d6 6. Nf3 Nc6 7. O-O Bg4 8. h3
Bxf3 9. exf3 e5 10. d5 Ne7 11. f4 Nd7 12. g4 exf4 13. Bxf4 Ne5 14. Qb3 h6 15.
Bg3 g5 16. Ne2 N5g6 17. Qxb7 f5 18. gxf5 Nxf5 19. Rab1 Qe7 20. Rfe1 Qf7 21. Kh2
Ngh4 22. Rg1 Rae8 23. Rbe1 Nxg2 24. Rxg2 Qh5 25. f4 Ne3 26. Rgg1 Nc2 27. Nc1
Nxe1 28. Bxe1 Re3 29. h4 Rxf4 30. Bg3 Rxh4+ 31. Kg2 Qf3# 0-1

[Event "World Rapid Women 2021"]
[Site "Warsaw POL"]
[Date "2021.12.26"]
[Round "4.34"]
[White "Loskutova, Viktoriya"]
[Black "Bulmaga, Irina"]
[Result "0-1"]
[WhiteTitle "WFM"]
[BlackTitle "IM"]
[WhiteElo "2100"]
[BlackElo "2390"]
[WhiteFideId "34166278"]
[BlackFideId "13903063"]
[EventDate "2021.12.26"]

1. e4 c5 2. Nf3 d6 3. d4 cxd4 4. Nxd4 Nf6 5. Nc3 a6 6. Be3 e5 7. Nb3 Be6 8. f3
Nbd7 9. Qd2 Qc7 10. g4 h6 11. O-O-O b5 12. Kb1 Rb8 13. Qf2 Nb6 14. h4 Nc4 15.
Bc1 a5 16. Nd5 Bxd5 17. exd5 g6 18. Nd2 Nxd2+ 19. Qxd2 Bg7 20. Bd3 h5 21. g5 Nd7
22. Qe2 O-O 23. Bxb5 Nc5 24. a4 Qb7 25. b3 e4 26. f4 Qe7 27. Be3 Rfc8 28. Rhe1
Qc7 29. Bd4 Bxd4 30. Rxd4 Qe7 31. Rc4 Rc7 32. Qd2 Ra7 33. Qd4 Rc7 34. Qd2 Ra8
35. Re3 f6 36. f5 fxg5 37. hxg5 gxf5 38. Qf2 Kg7 39. Qxf5 Rf8 40. Qh3 Qe5 41.
Rexe4 Nxe4 42. Rxc7+ Kg6 43. Bd3 Rf5 44. Rc8 Rxg5 45. Rg8+ Kh6 46. Rxg5 Nxg5 47.
Qf1 h4 48. Qf8+ Kh5 49. Qg8 h3 50. Qg6+ Kg4 51. Qh6 h2 52. Ka2 Kg3 53. Qh5 Qxd5 0-1

[Event "World Rapid Women 2021"]
[Site "Warsaw POL"]
[Date "2021.12.26"]
[Round "4.35"]
[White "Zawadzka, Jolanta"]
[Black "Smietanska, Wiktoria"]
[Result "1-0"]
[WhiteTitle "WGM"]
[BlackTitle "CM"]
[WhiteElo "2426"]
[BlackElo "1910"]
[WhiteFideId "1122320"]
[BlackFideId "21869359"]
[EventDate "2021.12.26"]

1. e4 c5 2. Nf3 d6 3. Bb5+ Nd7 4. Ba4 Nf6 5. O-O g6 6. Re1 Bg7 7. c3 O-O 8. d4
cxd4 9. cxd4 a6 10. Nc3 b5 11. Bb3 Bb7 12. e5 Ne8 13. e6 fxe6 14. Bxe6+ Kh8 15.
Ng5 b4 16. Nd5 Qa5 17. Nxe7 Bf6 18. Nf7+ Rxf7 19. Bxf7 Bxe7 20. Rxe7 Nef6 21.
Bh6 Qb6 22. Be6 Qd8 23. Bg7# 1-0

[Event "World Rapid Women 2021"]
[Site "Warsaw POL"]
[Date "2021.12.26"]
[Round "4.36"]
[White "Smirnova, Ekaterina"]
[Black "Muetsch, Annmarie"]
[Result "0-1"]
[WhiteTitle "WIM"]
[BlackTitle "WIM"]
[WhiteElo "2196"]
[BlackElo "2279"]
[WhiteFideId "4110943"]
[BlackFideId "12971367"]
[EventDate "2021.12.26"]

1. d4 Nf6 2. c4 g6 3. Nc3 Bg7 4. e4 d6 5. Be2 O-O 6. Be3 Na6 7. Qd2 e5 8. d5 Nc5
9. Bxc5 dxc5 10. Nf3 Ne8 11. O-O Nd6 12. Rfe1 f5 13. exf5 gxf5 14. Qg5 Bd7 15.
Qxd8 Raxd8 16. Bf1 Rde8 17. a4 e4 18. Nd2 a5 19. Rab1 b6 20. Nb5 Bxb5 21. cxb5
f4 22. Nc4 Nf5 23. Rbd1 Bd4 24. b3 Bc3 25. Re2 f3 26. Rc2 Bd4 27. gxf3 exf3 28.
Bh3 Rd8 29. Bxf5 Rxf5 30. d6 cxd6 31. Nxb6 d5 32. b4 axb4 33. a5 b3 34. Rcd2 Bc3
35. Rd3 Bxa5 36. Nxd5 Kf7 37. Ne3 Rg5+ 38. Kf1 Rdg8 39. Ng4 Rxg4 40. Rxf3+ Kg6
41. Rxb3 Kh5 42. Rh3+ Rh4 43. Rd5+ Rg5 44. Rxh4+ Kxh4 45. Rd6 Rg7 46. Ra6 Bb4
47. Rc6 Rb7 48. b6 Kh3 49. Ke2 h5 50. f4 Kxh2 51. Kf3 h4 52. f5 h3 53. Kf2 Ba5
54. f6 Bxb6 55. Kf1 Kg3 56. Rc8 h2 57. Rg8+ Kf3 58. Rh8 Bc7 0-1

[Event "World Rapid Women 2021"]
[Site "Warsaw POL"]
[Date "2021.12.26"]
[Round "4.37"]
[White "Utiatskaja, Irina"]
[Black "Babiy, Olga"]
[Result "0-1"]
[WhiteTitle "WIM"]
[BlackTitle "WGM"]
[WhiteElo "2184"]
[BlackElo "2259"]
[WhiteFideId "24140848"]
[BlackFideId "14117258"]
[EventDate "2021.12.26"]

1. e4 c6 2. d4 d5 3. exd5 cxd5 4. Bd3 Nc6 5. c3 Nf6 6. h3 g6 7. Nf3 Bf5 8. Be2
Qc7 9. O-O Bg7 10. Re1 O-O 11. Be3 a6 12. Nbd2 b5 13. Rc1 Rfd8 14. Nf1 Ne4 15.
N3d2 f6 16. Nxe4 dxe4 17. Qb3+ Kh8 18. c4 Na5 19. Qb4 bxc4 20. Bd2 Nb7 21. Rxc4
Qd7 22. Rec1 a5 23. Qb6 Nd6 24. Rc7 Qe8 25. b3 a4 26. b4 Be6 27. a3 f5 28. Bg5
Rd7 29. Ne3 Rb8 30. Qa7 Ra8 31. Qb6 Rb8 32. Qa7 Ra8 33. Qb6 Bg8 34. Rxd7 Qxd7
35. Rc7 Qe8 36. Rxe7 Qb8 37. Qc5 Nf7 38. Bh4 f4 39. Ng4 f3 40. gxf3 exf3 41. Bc4
Qf4 42. Bxf7 Bxf7 43. Qc7 Qxc7 44. Rxc7 Kg8 45. Nf6+ Bxf6 46. Bxf6 Re8 47. b5
Re1+ 48. Kh2 Bd5 49. Rg7+ Kf8 50. Rxh7 Rb1 51. Be7+ Kg8 52. Rh6 Kg7 53. Rh4 Rxb5
54. Kg3 Rb1 55. Bc5 Rg1+ 56. Kh2 Rg2+ 57. Kh1 Rxf2 58. Kg1 Rg2+ 59. Kf1 Bc4+ 0-1

[Event "World Rapid Women 2021"]
[Site "Warsaw POL"]
[Date "2021.12.26"]
[Round "4.38"]
[White "Maisuradze, Nino"]
[Black "Budkiewicz, Magdalena"]
[Result "1-0"]
[WhiteTitle "WGM"]
[WhiteElo "2202"]
[BlackElo "1929"]
[WhiteFideId "13601717"]
[BlackFideId "1194917"]
[EventDate "2021.12.26"]

1. d4 Nf6 2. c4 g6 3. Nc3 Bg7 4. e4 d6 5. f4 O-O 6. Nf3 a5 7. Be2 Na6 8. O-O c5
9. d5 Nc7 10. Qe1 e6 11. dxe6 Bxe6 12. Qh4 b5 13. cxb5 d5 14. f5 gxf5 15. exf5
Bxf5 16. Bg5 Qd6 17. Nd2 Qe6 18. Rae1 Ne4 19. Ncxe4 Bxe4 20. Bf6 Bg6 21. Bh5 Qb6
22. Bxg6 hxg6 23. a4 Ne6 24. Nf3 c4+ 25. Kh1 Nc5 26. Ng5 1-0

[Event "World Rapid Women 2021"]
[Site "Warsaw POL"]
[Date "2021.12.26"]
[Round "4.39"]
[White "Kucharska, Honorata"]
[Black "Mamedjarova, Zeinab"]
[Result "0-1"]
[WhiteTitle "WFM"]
[BlackTitle "WGM"]
[WhiteElo "2146"]
[BlackElo "2249"]
[WhiteFideId "1163868"]
[BlackFideId "13401521"]
[EventDate "2021.12.26"]

1. d4 Nf6 2. c4 e6 3. Nc3 b6 4. e3 Bb7 5. Nf3 Be7 6. Bd3 O-O 7. O-O d5 8. b3
Nbd7 9. Bb2 c5 10. Qe2 cxd4 11. exd4 Rc8 12. Rac1 dxc4 13. bxc4 Re8 14. Rfd1 Qc7
15. Ne5 Red8 16. Re1 Nxe5 17. dxe5 Nd7 18. Nb5 Qb8 19. Qh5 Nf8 20. Re3 g6 21.
Qh6 Qa8 22. Nd6 Bxg2 23. Rg3 Bc6 24. h4 Rc7 25. h5 Rdd7 26. hxg6 fxg6 27. Bxg6
Bg5 28. Bf7+ Rxf7 29. Nxf7 Rxf7 30. Qxg5+ Ng6 31. Rd1 Bd7 32. Rd4 Qf8 33. Ba3
Qe8 34. Qh6 Rg7 35. Bd6 Qc8 36. Rdg4 Be8 37. Qg5 Qa6 38. Qf6 Qc8 39. Kh2 Bf7 40.
a4 Qe8 41. a5 bxa5 42. Ra3 a4 43. c5 h5 44. Rgxa4 Qc6 45. f3 Qd5 46. Ra2 Qd1 47.
Rxa7 Nh4 48. Qxg7+ Kxg7 49. Rf2 Nxf3+ 50. Kg3 h4+ 51. Kg2 h3+ 52. Kg3 h2 53.
Rxf3 Qg1+ 0-1

[Event "World Rapid Women 2021"]
[Site "Warsaw POL"]
[Date "2021.12.26"]
[Round "4.40"]
[White "Nur-Mukhametova, Alisa"]
[Black "Lach, Aleksandra"]
[Result "1-0"]
[BlackTitle "WIM"]
[WhiteElo "2225"]
[BlackElo "2198"]
[WhiteFideId "54117739"]
[BlackFideId "1134299"]
[EventDate "2021.12.26"]

1. d4 f5 2. e4 fxe4 3. Nc3 Nf6 4. Bg5 g6 5. Bxf6 exf6 6. Nxe4 d5 7. Ng3 Qe7+ 8.
Qe2 Bh6 9. h4 Nc6 10. c3 Bg4 11. Qxe7+ Nxe7 12. Bd3 O-O-O 13. f3 Bd7 14. N1e2
Rde8 15. Kd1 f5 16. Kc2 f4 17. Nf1 Bf5 18. Nh2 Ng8 19. Rae1 Nf6 20. Rhf1 Re3 21.
Nc1 Rhe8 22. Rxe3 Rxe3 23. Rd1 Nh5 24. Nf1 Re7 25. Bxf5+ gxf5 26. Nd3 Bg7 27.
Nd2 Bf6 28. Rh1 Re2 29. Ne1 Ng3 30. Rg1 Bxh4 31. Kd1 Re7 32. Nd3 Bg5 33. Nf1 h5
34. Nxg3 fxg3 35. f4 Bf6 36. Rh1 h4 37. Ne5 Rg7 38. Ke2 b6 39. Kf3 Kb7 40. Nd3
Kc6 41. Re1 Kd6 42. Ne5 c5 43. Ke3 cxd4+ 44. cxd4 Rc7 45. Kd3 b5 46. Rh1 Rg7 47.
Ke3 Bd8 48. Nf3 Rh7 49. Kd3 a5 50. Ke3 b4 51. Ne5 Ke6 52. Rc1 Kf6 53. Rc6+ Ke7
54. Ng6+ Ke8 55. Kf3 Rg7 56. Ke3 Kf7 57. Ne5+ Ke8 58. Nf3 Re7+ 59. Ne5 Rg7 60.
Nf3 Rg4 61. Re6+ Be7 62. Re5 Rg6 63. Nxh4 Rf6 64. Nxf5 Rf7 65. Nxe7 Rxe7 66. Kf3
Kf7 67. Rxe7+ Kxe7 68. Kxg3 Kf6 69. Kg4 Kg6 70. f5+ Kf6 71. Kf4 1-0